[Event "Salon de Provence op 7th"]
[Site "Salon de Provence"]
[Date "2016.07.12"]
[Round "5"]
[White "Ahmed, Rashed Al Hefeti"]
[Black "Couderc, Christophe"]
[Result "1-0"]
[WhiteElo "1588"]
[BlackElo "1978"]
[PlyCount "67"]
[EventDate "2016.07.09"]
[EventType "swiss"]
[EventRounds "9"]
[EventCountry "FRA"]
[SourceTitle "EXT 2019"]
[Source "ChessBase"]
[SourceDate "2018.10.10"]
[SourceVersion "1"]
[SourceVersionDate "2018.10.10"]
[SourceQuality "1"]

1. d4 d5 2. Bf4 c6 3. e3 Bf5 4. c4 e6 5. Nc3 Nf6 6. Qb3 Qb6 7. c5 Qxb3 8. axb3 Nbd7 9. Nf3 a6 10. b4 Rc8 11. Be2 h6 12. h3 Be7 13. 0-0 0-0 14. Na4 Bd8 15. Bd6 Re8 16. Ne5 Nxe5 17. dxe5 Nd7 18. f4 g6 19. Nc3 Be4 20. Nxe4 dxe4 21. Bc4 f5 22. g4 Kf7 23. gxf5 gxf5 24. Be2 Rg8+ 25. Kh2 Be7 26. Rg1 Rxg1 27. Rxg1 Bxd6 28. cxd6 c5 29. Bh5+ Kf8 30. Rg6 cxb4 31. Rxe6 a5 32. Rxh6 Rc2+ 33. Kg3 Nc5 34. e6 1-0

[Event "FRA-chT2 0910"]
[Site "France"]
[Date "2009.10.17"]
[Round "2.5"]
[White "Tatard, Marie"]
[Black "Couderc, Christophe"]
[Result "0-1"]
[WhiteElo "1885"]
[BlackElo "2086"]
[PlyCount "114"]
[EventDate "2009.09.27"]
[EventType "team-tourn"]
[EventRounds "11"]
[EventCountry "FRA"]
[SourceTitle "EXT 2011"]
[Source "ChessBase"]
[SourceDate "2010.11.26"]
[SourceVersion "1"]
[SourceVersionDate "2010.11.26"]
[SourceQuality "1"]

1. e4 c5 2. Nf3 Nc6 3. d4 cxd4 4. Nxd4 Nf6 5. Nc3 e5 6. Ndb5 d6 7. Nd5 Nxd5 8. exd5 Ne7 9. c4 Ng6 10. Nc3 Be7 11. Be2 0-0 12. 0-0 f5 13. Qc2 Bg5 14. b4 a5 15. b5 Bxc1 16. Qxc1 b6 17. g3 e4 18. f4 exf3 19. Bxf3 Ne5 20. Na4 Rb8 21. Be2 Bd7 22. Qe3 Qc7 23. Qd4 Rf6 24. Rac1 Be8 25. Nb2 Rc8 26. Na4 Nd7 27. Bd3 Bg6 28. Rf4 Re8 29. Rcf1 Re5 30. Qf2 h6 31. Qc2 Nc5 32. Nb2 Nxd3 33. Nxd3 Rxd5 34. Qe2 Re5 35. Nxe5 dxe5 36. R4f2 Bf7 37. Rc1 Qc5 38. Rc2 f4 39. Kf1 f3 40. Qe4 Bg6 41. Qd5+ Qxd5 42. cxd5 Bxc2 43. Rxc2 Kf7 44. Rc7+ Kg6 45. Rc6 Kf7 46. Rc7+ Kf8 47. Rc2 Ke7 48. Kf2 Kd6 49. Rd2 g5 50. g4 e4 51. h3 Ke5 52. a4 Rd6 53. Rc2 Rxd5 54. Rc8 Rd2+ 55. Kf1 e3 56. Rc1 Kf4 57. Ke1 Rh2 0-1

[Event "Bethune op 22nd"]
[Site "Bethune"]
[Date "2001.12.26"]
[Round "2"]
[White "Bunzmann, Dimitrij"]
[Black "Couderc, Christophe"]
[Result "1/2-1/2"]
[WhiteElo "2509"]
[BlackElo "2036"]
[PlyCount "41"]
[EventDate "2001.12.26"]
[EventType "swiss"]
[EventRounds "7"]
[EventCountry "FRA"]
[SourceTitle "CBM 085 Extra"]
[Source "ChessBase"]
[SourceDate "2002.01.21"]
[SourceVersion "1"]
[SourceVersionDate "2002.01.21"]
[SourceQuality "1"]

1. d4 d5 2. c4 c6 3. Nc3 Nf6 4. cxd5 cxd5 5. Bf4 e6 6. e3 Be7 7. Bd3 0-0 8. g4 Qa5 9. Kf1 Nc6 10. g5 Ne4 11. Nxe4 dxe4 12. Bxe4 e5 13. dxe5 Nxe5 14. Qd5 Qa6+ 15. Kg2 Ng6 16. Bc7 Be6 17. Qxb7 Nh4+ 18. Kg3 Nf5+ 19. Kg2 Nh4+ 20. Kg3 Nf5+ 21. Kg2 1/2-1/2